| 000 | 01630cam a22004575i 4500 | ||
|---|---|---|---|
| 999 |
_c28484 _d28455 |
||
| 001 | 13678856 | ||
| 003 | EG-ScBUE | ||
| 005 | 20200806101536.0 | ||
| 006 | m||||f ||i 00| 0 | ||
| 008 | 040806t20042004caua f bf 001 0 eng d | ||
| 020 | _a0321238338 | ||
| 020 | _a9780321238337 | ||
| 040 |
_aDLC _beng _erda _cDLC _dDLC _dEG-ScBUE |
||
| 082 | 0 | 4 |
_a778.59 _bSHA _222 |
| 100 | 1 |
_aShaner, Pete, _eauthor. |
|
| 245 | 1 | 0 |
_aReal world digital video / _cPete Shaner, Gerald Everett Jones. |
| 246 | 3 | 0 | _aDigital video |
| 246 | 1 |
_iSubtitle on cover : _aIndustrial-strength video production techniques |
|
| 250 | _aSecond edition. | ||
| 250 | _aNew edition, updated and expanded. | ||
| 264 | 1 |
_aBerkeley, Calif. : _bPeachpit Press, _c[2004] |
|
| 264 | 4 | _cc2004 | |
| 300 |
_axxvi, 510 pages : _billustration ; _c24 cm. + _e1 DVD-ROM (4 3/4 in.) |
||
| 336 |
_atext _btxt _2rdacontent |
||
| 336 |
_acomputer program _bcop _2rdacontent |
||
| 336 |
_aspoken word _bspw _2rdacontent |
||
| 337 |
_aunmediated _bn _2rdamedia |
||
| 337 |
_acomputer _bc _2rdamedia |
||
| 338 |
_avolume _bnc _2rdacarrier |
||
| 338 |
_acomputer disc _bcd _2rdacarrier |
||
| 338 |
_avideodisc _bvd _2rdacarrier |
||
| 490 | 0 | _aReal world | |
| 504 | _aIncludes bibliographical references and index. | ||
| 650 | 7 |
_aDigital cinematography _vHandbooks, manuals, etc. _2BUEsh |
|
| 650 | 7 |
_aDigital video _xEditing _vHandbooks, manuals, etc. _2BUEsh |
|
| 650 | 7 |
_aVideo recordings _xProduction and direction _vHandbooks, manuals, etc. _2BUEsh |
|
| 653 |
_bCOMAME _cJuly2020 |
||
| 655 |
_vReading book _934232 |
||
| 700 | 1 |
_aJones, Gerald E., _eauthor. |
|
| 942 |
_2ddc _cBB |
||